ARRUPE JESUIT UNIVERSITY

CORONAVIRUS -STOP THE SPREAD - CLEAN,DISINFECT,COVER

The status of weman in Islam (Record no. 121507)

MARC details
000 -LEADER
fixed length control field 00389nam a22001337a 4500
005 - DATE AND TIME OF LATEST TRANSACTION
control field 20141212121457.0
008 - FIXED-LENGTH DATA ELEMENTS--GENERAL INFORMATION
fixed length control field 141212b xxu||||| |||| 00| 0 eng d
050 ## - LIBRARY OF CONGRESS CALL NUMBER
Classification number BP134.W6
Item number B132
100 ## - MAIN ENTRY--PERSONAL NAME
Personal name Badawi, Jamal A.
9 (RLIN) 13425
245 ## - TITLE STATEMENT
Title The status of weman in Islam
Statement of responsibility, etc Badawi, Jamal A.
260 ## - PUBLICATION, DISTRIBUTION, ETC. (IMPRINT)
Place of publication, distribution, etc Kuwait
Name of publisher, distributor, etc Africa Muslims Agency
Date of publication, distribution, etc no date
300 ## - PHYSICAL DESCRIPTION
Extent 28p.;
Dimensions 21cm.
942 ## - ADDED ENTRY ELEMENTS (KOHA)
Source of classification or shelving scheme Library of Congress Classification
Item type Monograph ( Printed materials)
Holdings
Withdrawn status Lost status Source of classification or shelving scheme Damaged status Not for loan Collection code Home library Current library Shelving location Date acquired Total Checkouts Full call number Barcode Date last seen Price effective from Koha item type
    Library of Congress Classification     Main Collection ARRUPE LIBRARY ARRUPE LIBRARY Main Collection 12/12/2014   BP134.W6 B132 46500001142 15/11/2016 12/12/2014 Monograph ( Printed materials)

 

Arrupe Library. PO Box MP320 Mt Pleasant, Harare, Zimbabwe
263 242 745411|librarian@aju.ac.zw